Primer informe de gobierno [de Guadalajara] /
Contenido: Nuevo modelo de gestión pública municipal; Integración social, orden y respeto; Mejoramiento de la calidad de vida y desarrollo humano de los tapatíos; Medio ambiente sano y equilibrio urbano; Ciudad para la competitividad y las oportunidades económicas; Ciudad cosmopolita y acceso genera...
Guardat en:
| Autor corporatiu: | |
|---|---|
| Altres autors: | |
| Format: | Llibre |
| Idioma: | espanyol |
| Publicat: |
Guadalajara, México :
Ayuntamiento de Guadalajara,
2002, c2002
|
| Matèries: | |
| Etiquetes: |
Sense etiquetes, Sigues el primer a etiquetar aquest registre!
|
MARC
| LEADER | 00000nam^a2200000^a^4500 | ||
|---|---|---|---|
| 001 | 000142978 | ||
| 005 | 20250521000000.0 | ||
| 009 | 20260310095707.41 | ||
| 037 | |a Acervo ITESO - Biblioteca | ||
| 041 | |a ESP | ||
| 082 | |a 320. 972 |b INF JAL 2002 V. 39 | ||
| 110 | |a Guadalajara. |b Presidente Municipal. 2001-2003 (Garza Martínez) | ||
| 240 | 1 | 1 | |a [Informe de gobierno de Fernando Garza Martínez] |
| 245 | 1 | 0 | |a Primer informe de gobierno [de Guadalajara] / |c F. Garza Martínez. |
| 264 | 4 | |a Guadalajara, México : |b Ayuntamiento de Guadalajara, |c 2002, c2002 | |
| 300 | |a 57, XIV p. | ||
| 336 | |a texto |b txt |2 rdacontenido | ||
| 337 | |a sin mediación |b n |2 rdamedio | ||
| 338 | |a volumen |b nc |2 rdasoporte | ||
| 520 | |a Contenido: Nuevo modelo de gestión pública municipal; Integración social, orden y respeto; Mejoramiento de la calidad de vida y desarrollo humano de los tapatíos; Medio ambiente sano y equilibrio urbano; Ciudad para la competitividad y las oportunidades económicas; Ciudad cosmopolita y acceso generalizado a los beneficios de la cultura; Etica cívica, imperio de la legalidad y participación democrática; Juntos por Guadalajara; Anexos: concentrado de faltas administrativas, delitos del fuero común y del fuero federal; faltas administrativas por colonia | ||
| 649 | |a XX | ||
| 650 | |a Alcaldes - |z Guadalajara, Jalisco - |x Informes | ||
| 650 | |a Alcaldes - |z Jalisco - |x Informes | ||
| 650 | |a Alcaldes - |z México - |x Informes | ||
| 650 | |a Políticos - |z Guadalajara, Jalisco - |x Informes | ||
| 650 | |a Políticos - |z Jalisco - |x Informes | ||
| 650 | |a Políticos - |z México - |x Informes | ||
| 650 | |a Informe de Gobierno - |z Guadalajara, Jalisco - |x Tema Principal | ||
| 650 | |a Informe de Gobierno - |z Jalisco | ||
| 650 | |a Informe de Gobierno - |z México | ||
| 650 | |a Cultura - |z Guadalajara, Jalisco | ||
| 650 | |a Seguridad Pública - |z Guadalajara, Jalisco | ||
| 650 | |a Servicios Públicos - |z Guadalajara, Jalisco | ||
| 650 | |a Conservación y Protección Ambiental - |z Guadalajara, Jalisco | ||
| 650 | |a Desarrollo Sustentable - |z Guadalajara, Jalisco | ||
| 650 | |a Desarrollo Económico-Social - |z Guadalajara, Jalisco | ||
| 650 | |a Desarrollo Urbano - |z Guadalajara, Jalisco | ||
| 650 | |a Ecología - |z Guadalajara, Jalisco - |x Historia - |y 2000-2006 | ||
| 650 | |a Ecología - |z Jalisco - |x Historia - |y 2000-2006 | ||
| 650 | |a Ecología - |z México - |x Historia - |y 2000-2006 | ||
| 650 | |a Urbanismo - |z Guadalajara, Jalisco - |x Historia - |y 2000-2006 | ||
| 650 | |a Urbanismo - |z Jalisco - |x Historia - |y 2000-2006 | ||
| 650 | |a Urbanismo - |z México - |x Historia - |y 2000-2006 | ||
| 650 | |a Economía - |z Guadalajara, Jalisco - |x Historia - |y 2000-2006 | ||
| 650 | |a Economía - |z Jalisco - |x Historia - |y 2000-2006 | ||
| 650 | |a Economía - |z México - |x Historia - |y 2000-2006 | ||
| 650 | |a Administración Pública - |z Guadalajara, Jalisco - |x Historia - |y 2000-2006 | ||
| 650 | |a Administración Pública - |z Jalisco - |x Historia - |y 2000-2006 | ||
| 650 | |a Administración Pública - |z México - |x Historia - |y 2000-2006 | ||
| 650 | |a Política - |z Guadalajara, Jalisco - |x Historia - |y 2000-2006 | ||
| 650 | |a Política - |z Jalisco - |x Historia - |y 2000-2006 | ||
| 650 | |a Política - |z México - |x Historia - |y 2000-2006 | ||
| 700 | |a Garza Martínez, Fernando |e (autor) | ||
| 910 | |a Fondo General | ||
| 920 | |a Impresos - Libros | ||
| 930 | |a Colección General | ||
| 905 | |a 101 | ||
| 901 | |a 0500071589 |b IT1 |c ACC |u 20250521 | ||
| 902 | |a https://opac.biblio.iteso.mx/vufind/Record/000142978 | ||